Datum a čas kvízu
30
Celkem bodů
Celkový počet nahraných bodů na tomto kvízu bez doplňovacích otázek.
5.
Pořadí na kvízu
Konečné umístění týmu na tomto kvízu.
Zaznamenané odpovědi
| # | Otázka | Odpověď | Body | Výsledky |
|---|---|---|---|---|
| 1. | Minulý týden překročila hranic... | Dan Přibáň, Mongolsko | 0.5 | |
| 2. | Na českém internetu se objevil... | vrtulník | 0 | |
| 3. | Památkou roku České republiky... | poblíž Tachova | 0 | |
| 4. | Minulý týden oznámila italská... | Silvio Berlusconi | 1 | |
| 5. | MMA zápasník Jiří Procházka si... | Las Vegas, Aleksandar Rakić | 1 | |
| 6. | V pěti otázkách tohoto tématu... | halit | 0 | |
| 7. | Jaká je denní dávka kuchyňské... | B | 1 | |
| 8. | Kala namak je zvláštním druhem... | A) černá | 1 | |
| 9. | Nejen lidé, ale i zvířata potř... | liz | 1 | |
| 10. | Jeden z nejznámějších a nejsta... | D) Wieliczka | 1 |